<?xml version="1.0" encoding="UTF-8"?>
<record
    xmlns:xsi="http://www.w3.org/2001/XMLSchema-instance"
    xsi:schemaLocation="http://www.loc.gov/MARC21/slim http://www.loc.gov/standards/marcxml/schema/MARC21slim.xsd"
    xmlns="http://www.loc.gov/MARC21/slim">

  <leader>00788nam a22002537a 4500</leader>
  <controlfield tag="005">20170123162327.0</controlfield>
  <datafield tag="010" ind1=" " ind2=" ">
    <subfield code="a">298089</subfield>
  </datafield>
  <datafield tag="020" ind1=" " ind2=" ">
    <subfield code="c">00.00</subfield>
  </datafield>
  <datafield tag="035" ind1=" " ind2=" ">
    <subfield code="a">298089</subfield>
  </datafield>
  <datafield tag="037" ind1=" " ind2=" ">
    <subfield code="b">Cen Lib/Ret</subfield>
  </datafield>
  <datafield tag="040" ind1=" " ind2=" ">
    <subfield code="a">DPL</subfield>
    <subfield code="b">UR</subfield>
  </datafield>
  <datafield tag="082" ind1=" " ind2=" ">
    <subfield code="a">&#x646;</subfield>
    <subfield code="b">&#x627; &#x633; &#x644; </subfield>
  </datafield>
  <datafield tag="100" ind1=" " ind2=" ">
    <subfield code="a">&#x627;&#x6CC;&#x645; &#x627;&#x633;&#x644;&#x645; </subfield>
    <subfield code="9">120029</subfield>
  </datafield>
  <datafield tag="245" ind1=" " ind2=" ">
    <subfield code="a">&#x62A;&#x635;&#x648;&#x651;&#x631;&#x627;&#x62A;  /</subfield>
    <subfield code="c">&#x627;&#x6CC;&#x645; &#x627;&#x633;&#x644;&#x645; </subfield>
  </datafield>
  <datafield tag="246" ind1=" " ind2=" ">
    <subfield code="a">Tasawwarat /</subfield>
    <subfield code="b">by M. Aslam </subfield>
  </datafield>
  <datafield tag="260" ind1=" " ind2=" ">
    <subfield code="a">&#x645;&#x645;&#x628;&#x626;&#x6CC; </subfield>
    <subfield code="b">&#x627;&#x644;&#x6CC; &#x628;&#x6BE;&#x6CC;&#x6CC; &#x634;&#x631;&#x641;&#x6CC;&#x6CC; &#x627;&#x6CC;&#x646;&#x688; &#x6A9;&#x645;&#x67E;&#x646;&#x6CC; &#x644;&#x645;&#x6CC;&#x679;&#x688; </subfield>
    <subfield code="c">1946</subfield>
  </datafield>
  <datafield tag="270" ind1=" " ind2=" ">
    <subfield code="b">&#x645;&#x645;&#x628;&#x626;&#x6CC; </subfield>
    <subfield code="a">&#x646;&#x645;&#x628;&#x631; &#x663;&#x667;&#x663;&#x60C; &#x627;&#x628;&#x631;&#x627;&#x6C1;&#x6CC;&#x645; &#x622;&#x631;&#x645;&#x62A;&#x644;&#x644;&#x6C1; &#x631;&#x648;&#x688; </subfield>
  </datafield>
  <datafield tag="300" ind1=" " ind2=" ">
    <subfield code="a">226p.</subfield>
    <subfield code="c">18cm(Hb)</subfield>
  </datafield>
  <datafield tag="650" ind1=" " ind2=" ">
    <subfield code="a">&#x627;&#x631;&#x62F;&#x648; &#x627;&#x62F;&#x628; </subfield>
    <subfield code="9">120030</subfield>
  </datafield>
  <datafield tag="650" ind1=" " ind2=" ">
    <subfield code="a">&#x627;&#x631;&#x62F;&#x648; &#x646;&#x627;&#x648;&#x644;      </subfield>
    <subfield code="9">547</subfield>
  </datafield>
  <datafield tag="650" ind1=" " ind2=" ">
    <subfield code="a">Urdu literature </subfield>
    <subfield code="9">120031</subfield>
  </datafield>
  <datafield tag="650" ind1=" " ind2=" ">
    <subfield code="a">Urdu novel</subfield>
    <subfield code="9">120032</subfield>
  </datafield>
  <datafield tag="942" ind1=" " ind2=" ">
    <subfield code="2">ddc</subfield>
    <subfield code="c">UR</subfield>
    <subfield code="h">&#x646;</subfield>
    <subfield code="m">&#x627; &#x633; &#x644; </subfield>
  </datafield>
  <datafield tag="999" ind1=" " ind2=" ">
    <subfield code="c">107549</subfield>
    <subfield code="d">107549</subfield>
  </datafield>
  <datafield tag="952" ind1=" " ind2=" ">
    <subfield code="0">0</subfield>
    <subfield code="1">0</subfield>
    <subfield code="4">0</subfield>
    <subfield code="7">0</subfield>
    <subfield code="a">L</subfield>
    <subfield code="b">L</subfield>
    <subfield code="d">2016-01-08</subfield>
    <subfield code="e">Cen Lib/Ret</subfield>
    <subfield code="g">0.00</subfield>
    <subfield code="l">0</subfield>
    <subfield code="o">&#x646; &#x627; &#x633; &#x644;</subfield>
    <subfield code="p">298089</subfield>
    <subfield code="r">2016-01-08 00:00:00</subfield>
    <subfield code="t">1</subfield>
    <subfield code="v">0.00</subfield>
    <subfield code="w">2016-01-08</subfield>
    <subfield code="y">UR</subfield>
  </datafield>
</record>
